Estadísticas para Países con Letras Desaparecidas

Haz click aquí para intentar la prueba.

Estadísticas generales

  • Esta prueba ha sido intentada 4.363 veces
    (4.361 desde el último reinicio)
  • La puntuación promedio es 15 de 30

Estadísticas de respuestas

PistaPaís% Correcto
_R_KIrak
98%
_Z_R_A_Y_NAzerbaiyán
80%
_M_NOmán
79%
_L_M_N_AAlemania
76%
_I_IFiyi
75%
_O_A_B_Q_EMozambique
73%
_F_A_I_T_NAfganistán
69%
_H_P_EChipre
69%
_R_S_LBrasil
68%
_G_P_OEgipto
68%
_A_Z_N_ATanzania
63%
_Z_E_I_T_NUzbekistán
58%
_O_G_Tonga
56%
_U_E_B_U_G_Luxemburgo
52%
_A_A_A_C_RMadagascar
51%
_U_Z_L_N_I_Suazilandia
47%
_O_O_OKosovo
44%
_R_E_T_N_Argentina
42%
_T_O_I_Etiopía
38%
_I_B_B_EZimbabue
37%
_U_U_D_Burundi
35%
_E_I_OMéxico
35%
_U_Z_Suiza
34%
_I_U_IYibuti
33%
_R_A_D_Irlanda
25%
_I_I_I_A_Filipinas
24%
_A_A_SPalaos
23%
_N_O_E_I_Indonesia
21%
_R_N_I_Francia
18%
_I_T_A_Vietnam
10%

Distribución de puntuación

Porcentaje por número respondido

Porcentaje de gente con cada puntuación

Historial de tus puntuaciones

No has intentado esta prueba desde el último reinicio